Enfoque de investigación administrativa /
Compilación de trabajos académicos de la licenciatura en Administración de Centro Universitario de Ciencias Económico Administrativas de la Universidad de Guadalajara, bajo de línea de investigación sobre estrategia organizacional. Se plantea el objetivo de discutir y evaluar las diferentes perspect...
Bewaard in:
| Hoofdauteur: | |
|---|---|
| Andere auteurs: | |
| Formaat: | Boek |
| Taal: | Spaans |
| Gepubliceerd in: |
Guadalajara, México :
Universidad de Guadalajara, Centro Universitario de Ciencias Económico Administrativas,
2020, c2020
|
| Onderwerpen: | |
| Tags: |
Geen labels, Wees de eerste die dit record labelt!
|
MARC
| LEADER | 00000nam^a2200000^a^4500 | ||
|---|---|---|---|
| 001 | 000455741 | ||
| 005 | 20250521000000.0 | ||
| 009 | 20260310124003.005 | ||
| 020 | |a 978-607-8490-91-2 | ||
| 037 | |a Acervo ITESO - Biblioteca | ||
| 041 | |a ESP | ||
| 082 | |a 658. 001 |b MOR | ||
| 100 | |a Mora Pérez, César Omar |e (coordinación) | ||
| 245 | 1 | 0 | |a Enfoque de investigación administrativa / |c Coord, de C.O. Mora Pérez, K.H. Ortiz Palafox. |
| 264 | 4 | |a Guadalajara, México : |b Universidad de Guadalajara, Centro Universitario de Ciencias Económico Administrativas, |c 2020, c2020 | |
| 300 | |a 96 p. | ||
| 336 | |a texto |b txt |2 rdacontenido | ||
| 337 | |a sin mediación |b n |2 rdamedio | ||
| 338 | |a volumen |b nc |2 rdasoporte | ||
| 520 | |a Compilación de trabajos académicos de la licenciatura en Administración de Centro Universitario de Ciencias Económico Administrativas de la Universidad de Guadalajara, bajo de línea de investigación sobre estrategia organizacional. Se plantea el objetivo de discutir y evaluar las diferentes perspectivas teórico-metodológicas en materia de ciencias de la administración y vincular a los alumnos con la investigación, de manera que se genere nuevo conocimiento relacionado con temáticas afines a la administración. | ||
| 521 | |a FIL 2022 DIA | ||
| 649 | |a XX | ||
| 650 | |a Cambio Climático - |z México | ||
| 650 | |a Migración - |z México | ||
| 650 | |a Pequeña Empresa - |x Administración | ||
| 650 | |a Control de Calidad | ||
| 650 | |a Competitividad | ||
| 650 | |a Productividad | ||
| 650 | |a Estrategia en los Negocios | ||
| 650 | |a Recursos Humanos | ||
| 650 | |a Empresa y Género | ||
| 650 | |a Conocimiento - |x Administración | ||
| 650 | |a Comunicación Organizacional | ||
| 650 | |a Clima Organizacional | ||
| 650 | |a Cambio y Desarrollo Organizacional | ||
| 650 | |a Motivación Laboral | ||
| 650 | |a Publicidad | ||
| 650 | |a Finanzas | ||
| 650 | |a Administración Pública | ||
| 650 | |a Administración - |x México | ||
| 650 | |a Administración - |x Teoría - |x Tema Principal | ||
| 650 | |a Administración - |x Investigación - |x Tema Principal | ||
| 650 | |a Ciencias Administrativas | ||
| 700 | |a Ortiz Palafox, Karla Haydee |e (coordinación) | ||
| 910 | |a Fondo General | ||
| 920 | |a Impresos - Libros | ||
| 930 | |a Colección General | ||
| 905 | |a 101 | ||
| 901 | |a 0500388403 |b IT1 |c ACC |i C181234 |u 20250521 | ||
| 902 | |a https://opac.biblio.iteso.mx/vufind/Record/000455741 | ||